[Event "Open"]
[Site "Granada ESP"]
[Date "2006.12.07"]
[Round "4"]
[White "Simacek,P"]
[Black "Radovanovic,J"]
[Result "1/2-1/2"]
[WhiteElo "2479"]
[BlackElo "2331"]

1.e4 c5 2.Nf3 d6 3.d4 cxd4 4.Nxd4 Nf6 5.Nc3 Nc6 6.Bg5 e6 7.Qd2 a6 8.O-O-O Be7
9.f3 Nxd4 10.Qxd4 b5 11.h4 Bb7 12.Kb1 Qc7 13.h5 h6 14.Be3 Rc8 15.Qd2 d5 16.e5 Nd7
17.f4 Nc5 18.Rc1 b4 19.Ne2 Ne4 20.Qe1 Bc5 21.Rh3 Bxe3 22.Rxe3 Qb6 23.Rd3 a5
24.Ng3 O-O 25.Nxe4 dxe4 26.Qe3 Qc5 27.Rd4 Bd5 28.c4 bxc3 29.Rxc3 Qb6 30.Rd2 Qb7
31.Rdc2 Rxc3 32.Rxc3 Rb8 33.Rc2 Rc8 34.Rxc8+ Qxc8 35.g3 Qc7 36.Qd4 Qb7 37.Be2 Qc7
38.b3 Kf8 39.Kb2 Ke7 40.b4 axb4 41.Qxb4+ Kd7 42.Bb5+ Kc8 43.a4 Kb7 44.Bc4+ Ka8
45.Bb5 Ka7 46.Qd6 Qa5 47.Qe7+ Bb7 48.Qc5+ Ka8 49.Qf8+ Ka7 50.Qc5+ Ka8 51.Qe3 Qb4+
52.Kc2 Qa5 53.Kb2 Qb4+ 54.Kc2 Qa5 55.Kd1 Qb4 56.Ke2 Qb1 57.Qd2 Qg1 58.Qd8+ Ka7
59.Qa5+  1/2-1/2

[Event "ch-RUS w"]
[Site "Gorodets RUS"]
[Date "2006.12.08"]
[Round "7"]
[White "Kosintseva,T"]
[Black "Kovalevskaya,E"]
[Result "1/2-1/2"]
[WhiteElo "2458"]
[BlackElo "2434"]

1.e4 c5 2.Nf3 d6 3.d4 cxd4 4.Nxd4 Nf6 5.Nc3 Nc6 6.Bg5 Bd7 7.Qd2 Rc8 8.f4 Nxd4
9.Qxd4 Qa5 10.e5 dxe5 11.fxe5 e6 12.O-O-O Bc6 13.Nb5 Bxb5 14.exf6 Bc6 15.h4 g6
16.Bc4 Bc5 17.Qg4 h5 18.Qe2 O-O 19.Kb1 b5 20.Bb3 Qc7 21.Rh3 Rfd8 22.c3 Rxd1+
23.Bxd1 Rd8 24.Bc2 Rd5 25.Rd3 a6 26.g4 hxg4 27.Qxg4 Rxd3 28.Bxd3 Qe5 29.Kc2 Qh2+
30.Qe2 Qxe2+ 31.Bxe2 Kf8 32.Bf4 Be4+ 33.Kd2 Bf2 34.h5 Bh4 35.Be5 Bg5+ 36.Ke1 Ke8
37.c4 Bc6 38.Kf2 Bh6 39.Kg3 gxh5 40.cxb5 Bxb5 41.Bxh5 Bd2 42.Kf3 Bd3 43.a3 Bc1
44.Kf2 Bd2 45.Kf3 Bc1 46.Bc3 Bg5 47.Kg3 Be3 48.Be5 Bc1 49.Bd1 Kd7 50.Bh5 Ke8
51.Kf2 Bd2 52.Kg3 Bc1 53.Bc3 Be3 54.a4 Bc2 55.a5 Bd3 56.Bd1 Kd7 57.Bh5 Ke8
58.Kf3 Bg5 59.Kg3 Be3 60.Kf3  1/2-1/2

[Event "Open"]
[Site "Granada ESP"]
[Date "2006.12.08"]
[Round "7"]
[White "Ibarra Jerez,JC"]
[Black "Korneev,O"]
[Result "1/2-1/2"]
[WhiteElo "2451"]
[BlackElo "2657"]

1.e4 c5 2.Nf3 d6 3.d4 Nf6 4.Nc3 cxd4 5.Nxd4 Nc6 6.Bg5 e6 7.Qd2 a6 8.O-O-O Bd7
9.f3 Be7 10.h4 h6 11.Be3 h5 12.Bg5 Ne5 13.Bd3 b5 14.Kb1 Qb6 15.Be3 Qb7 16.Bg5 b4
17.Nce2 a5 18.Ng3 a4 19.Rhe1 Nxd3 20.cxd3 Qb6 21.Be3 Qb7 22.Bg5 g6 23.f4 Qb6
24.Nf3 a3 25.b3 Rc8 26.d4 O-O 27.Rc1 Rxc1+ 28.Rxc1 Rc8 29.Rxc8+ Bxc8 30.Qc2  1/2-1/2

[Event "Aniversario del Par de Alfiles"]
[Site "Asuncion PAR"]
[Date "2006.12.09"]
[Round "7"]
[White "Real de Azua,E"]
[Black "Sosa Harrison,J"]
[Result "1/2-1/2"]
[WhiteElo "2396"]
[BlackElo "2283"]

1.e4 c5 2.Nf3 Nc6 3.d4 cxd4 4.Nxd4 Nf6 5.Nc3 d6 6.Bg5 Bd7 7.Qd2 Rc8 8.O-O-O Nxd4
9.Qxd4 Qa5 10.Bd2 Qc5 11.Qxc5 dxc5 12.f3 e5 13.Bg5 Be7 14.Bb5 Bc6 15.Bxf6 Bxf6
16.Bxc6+ bxc6 17.Na4 Bg5+ 18.Kb1 c4 19.c3 Be3 20.Kc2 Ke7 21.b3 cxb3+ 22.axb3 Rhd8
23.Nb2 Rxd1 24.Rxd1 f6 25.Nc4 Bb6 26.Ra1 Rc7 27.g4 Rd7 28.h4 g6 29.Ra6 Rb7
30.b4 Ke6 31.Kd3 Rd7+ 32.Ke2 Rb7 33.h5 gxh5 34.gxh5 h6 35.Nxb6 axb6 36.Ra8 Rg7
37.Rc8 Kd6 38.Rh8 Rg2+ 39.Kf1 Rc2 40.Rxh6 Ke6 41.Rh8 Rxc3 42.h6 Kf7 43.Rb8  1/2-1/2

[Event "FSGM December"]
[Site "Budapest HUN"]
[Date "2006.12.09"]
[Round "8"]
[White "Fogarasi,T"]
[Black "Pataki,G"]
[Result "0-1"]
[WhiteElo "2425"]
[BlackElo "2370"]

1.e4 c5 2.Nf3 Nc6 3.d4 cxd4 4.Nxd4 Nf6 5.Nc3 d6 6.Bg5 e6 7.Bb5 Qb6 8.Be3 Qc7
9.f4 a6 10.Be2 Bd7 11.a4 Be7 12.O-O O-O 13.Nb3 Na5 14.e5 dxe5 15.fxe5 Nxb3
16.exf6 Bc5 17.Bxc5 Qxc5+ 18.Kh1 Nxa1 19.Qxd7 Nxc2 20.Qd3 Nd4 21.Qg3 g6 22.Qe3 Rfd8
23.Bd3 Rac8 24.Ne4 Qf8 25.g4 Nc2 26.Qe2 Nb4 27.Bb1 Qh6 28.g5 Qh4 29.Qf3 Rd4
30.Rg1 Nd5 31.Rf1 Rdc4 32.Bd3 Rc1 33.Nd6 Rxf1+ 34.Qxf1 Rc6  0-1

[Event "Aniversario del Par de Alfiles"]
[Site "Asuncion PAR"]
[Date "2006.12.12"]
[Round "11"]
[White "Escofet,J"]
[Black "Real de Azua,E"]
[Result "0-1"]
[WhiteElo "2165"]
[BlackElo "2396"]

1.e4 c5 2.Nf3 d6 3.d4 cxd4 4.Nxd4 Nf6 5.Nc3 Nc6 6.Bg5 e6 7.Bb5 Bd7 8.Bxc6 bxc6
9.Qf3 h6 10.Bh4 Rc8 11.O-O-O Be7 12.Rhe1 Qa5 13.Kb1 e5 14.Nb3 Qc7 15.Bxf6 Bxf6
16.h3 Be6 17.g4 O-O 18.Qg3 Qe7 19.Rd3 Rfd8 20.f4 Bh4  0-1

[Event "IM Multicoms"]
[Site "Paris FRA"]
[Date "2006.12.14"]
[Round "2"]
[White "Parmentier,X"]
[Black "Strugnell,C"]
[Result "1-0"]
[WhiteElo "2284"]
[BlackElo "2233"]

1.e4 c5 2.Nf3 d6 3.d4 cxd4 4.Nxd4 Nf6 5.Nc3 Nc6 6.Bg5 Bd7 7.Qd2 Rc8 8.f4 Nxd4
9.Qxd4 Qa5 10.e5 dxe5 11.fxe5 e6 12.O-O-O Bc6 13.Nb5 Bxb5 14.exf6 Bc6 15.h4 g6
16.Bc4 Bc5 17.Qe5 Bb6 18.Qd6 Bc5 19.Qe5 Bb6 20.Qe2 O-O 21.Bh6 Rfd8 22.Qxe6 Be8
23.Qe7 Bc5 24.Rxd8 Rxd8 25.Qxb7 Bf8 26.Be3 Qe5 27.Qxa7 Qe4 28.b3 Rd7 29.Qb6 Ba3+
30.Kb1 Qe5 31.Bc1 Bc5 32.Qa6 Ra7 33.Bb2 Qc7 34.Re1 Rxa6 35.Rxe8+ Bf8 36.Bxa6 Qc6
37.Rxf8+ Kxf8 38.Bd3 Qxg2 39.a4 Qg3 40.Ka2 Qxh4 41.a5 h5 42.a6 Qf2 43.Be5 Qb6
44.Kb2 g5 45.c3 Qf2+ 46.Bc2 h4 47.Bd4 Qg2 48.a7 Qb7 49.Bf5 Qd5 50.b4 Ke8
51.Ka3 Qb7 52.b5 Kd8 53.Kb4 Ke8 54.c4 Kd8 55.Ka5 Kc7 56.Be5+ Kd8 57.Bb8 Qf3
58.c5 h3 59.Bxh3 Qxh3  1-0

[Event "GM Multicoms"]
[Site "Paris FRA"]
[Date "2006.12.14"]
[Round "2"]
[White "Shchekachev,A"]
[Black "Abergel,T"]
[Result "1/2-1/2"]
[WhiteElo "2561"]
[BlackElo "2474"]

1.e4 c5 2.Nf3 Nc6 3.d4 cxd4 4.Nxd4 Nf6 5.Nc3 d6 6.Bg5 Bd7 7.Qd2 Rc8 8.O-O-O Nxd4
9.Qxd4 Qa5 10.Bd2 e5 11.Qd3 Rxc3 12.Bxc3 Qxa2 13.Qc4 Qxc4 14.Bxc4 Nxe4 15.Be1 Bc6
16.f3 Nf6 17.Bb4 d5 18.Bxf8 Kxf8 19.Ba2 Ke7 20.Rhe1 Kd6 21.c4 Rc8 22.Rd2 Bb5
23.b3 Ke6 24.f4 e4 25.g4 dxc4 26.bxc4 Bc6 27.Rh1 Ng8  1/2-1/2

[Event "IM Multicoms"]
[Site "Paris FRA"]
[Date "2006.12.16"]
[Round "4"]
[White "Karim,I"]
[Black "Strugnell,C"]
[Result "1-0"]
[WhiteElo "2288"]
[BlackElo "2233"]

1.e4 c5 2.Nf3 d6 3.d4 cxd4 4.Nxd4 Nf6 5.Nc3 Nc6 6.Bg5 e6 7.Qd2 a6 8.O-O-O Bd7
9.f4 Be7 10.Nf3 b5 11.Bxf6 gxf6 12.f5 b4 13.Ne2 e5 14.g4 h5 15.gxh5 Qb6 16.Ng3 a5
17.Kb1 a4 18.Bc4 Ra5 19.h6 Bf8 20.Nh5 Rxh6 21.Qg2 Qc5 22.Ng7+ Ke7 23.Bxf7 Kxf7
24.Ne6 Bxe6 25.fxe6+ Ke7 26.Qg8 Nd8 27.Rd5 Qc7 28.Ng5 Ra8 29.Nf7 Rc8 30.Rd2 Nxe6
31.Nxh6 Bxh6 32.Qh7+ Bg7 33.Rg2 Kf8 34.Rhg1 Qf7 35.h4 a3 36.Qf5 Ra8 37.h5 axb2
38.h6 Nd4 39.hxg7+ Ke7 40.g8=N+ Rxg8 41.Rxg8  1-0

[Event "6th Amplico AIG Life"]
[Site "Warsaw POL"]
[Date "2006.12.16"]
[Round "3"]
[White "Zhigalko,A"]
[Black "Przezdziecka,M"]
[Result "1-0"]
[WhiteElo "2532"]
[BlackElo "2299"]

1.e4 c5 2.Nf3 Nc6 3.d4 cxd4 4.Nxd4 Nf6 5.Nc3 d6 6.Bg5 e6 7.Qd2 a6 8.O-O-O Bd7
9.f3 Rc8 10.Kb1 Qa5 11.h4 h6 12.Be3 h5 13.Nb3 Qc7 14.Na4 Nd4 15.Nb6 Qxb6
16.Nxd4 Qc7 17.Bg5 Be7 18.Bd3 d5 19.exd5 Nxd5 20.Bxe7 Nxe7 21.Rhe1 Kf8 22.Be4 g6
23.Qb4 e5 24.Nb3 Bf5 25.Bxf5 gxf5 26.Re2 Rg8 27.Red2 Kg7 28.f4 Rcd8 29.fxe5 Rxd2
30.Qxd2 Qxe5 31.Qg5+ Ng6 32.Nd4 Re8 33.Nxf5+ Kf8 34.Qxh5 Kg8 35.a3 Qe2 36.Qxe2 Rxe2
37.Rd8+ Kh7 38.Rd7 Rxg2 39.Rxf7+ Kg8 40.Rxb7 Rf2 41.Rg7+ Kf8 42.Rxg6 Rxf5
43.Rxa6  1-0

[Event "6th Amplico AIG Life"]
[Site "Warsaw POL"]
[Date "2006.12.17"]
[Round "11"]
[White "Kanarek,M"]
[Black "Galkin,A"]
[Result "1-0"]
[WhiteElo "2244"]
[BlackElo "2600"]

1.e4 c5 2.Nf3 d6 3.d4 cxd4 4.Nxd4 Nf6 5.Nc3 Nc6 6.Bg5 Bd7 7.Qd2 Rc8 8.f3 a6
9.O-O-O Nxd4 10.Qxd4 Qa5 11.h4 e5 12.Qe3 Be6 13.a3 Nh5 14.Qe1 Qc7 15.g4 Nf6
16.Rh2 h5 17.Bxf6 gxf6 18.gxh5 Rxh5 19.Bh3 Bh6+ 20.Kb1 Bf4 21.Bxe6 fxe6 22.Rg2 Kf7
23.Qg1 Bh6 24.Rg4 Rh8 25.Ne2 Bf8 26.Qg3 Ke8 27.f4 Qh7 28.f5 exf5 29.exf5 Qxf5
30.Rc4 R5h7 31.Nc3 Rg7 32.Qe3 Kf7 33.Nd5 Kg8 34.Qb3 Kh7 35.Ne3 Qe6 36.Qd3+ Kg8
37.Nf5 Rg2 38.Qf3 Rg6 39.Rc7 e4 40.Qh3 Qe5 41.Qb3+ d5 42.Rxd5 Qe6 43.Nd4  1-0

[Event "44th National A ch-IND"]
[Site "Atul IND"]
[Date "2006.12.19"]
[Round "2"]
[White "Ramesh,R"]
[Black "Himanshu,Sh"]
[Result "0-1"]
[WhiteElo "2491"]
[BlackElo "2387"]

1.e4 c5 2.Nf3 Nc6 3.d4 cxd4 4.Nxd4 Nf6 5.Nc3 d6 6.Bg5 e6 7.Qd2 Be7 8.O-O-O O-O
9.f3 d5 10.exd5 Nxd5 11.Nxc6 bxc6 12.Bxe7 Qxe7 13.Ne4 f5 14.Nf2 c5 15.Bc4 Nb6
16.Be2 Bb7 17.Kb1 c4 18.Rhe1 Qc5 19.Qd4 Qa5 20.Nh3 Rac8 21.c3 e5 22.Qd6 Rf6
23.Qe7 Bd5 24.a3 Qb5 25.Rd2 Rf7 26.Qb4 Qc6 27.Bd1 e4 28.Nf4 a5 29.Qxa5 Ra8
30.Qb4 Rb7 31.Be2 Ra4 32.Nxd5 Rxb4 33.Nxb4 Qc7 34.fxe4 fxe4 35.g3 Qc5 36.Bg4 Re7
37.Rd8+ Kf7 38.Rf1+ Kg6 39.Rfd1 Kh6 40.R8d6+ g6 41.Rc6 Qf2 42.Nc2 Rb7 43.Rxb6 Rxb6
44.Re1 Qd2 45.Re3 Rf6 46.Re2 Rf1+ 47.Ka2 Qc1 48.a4 e3 49.Ka3 Rf2 50.Nd4 Kg5
51.Bf3 Qf1 52.Rxe3 Qa1+ 53.Kb4 Rxb2+ 54.Kxc4 Qxa4+ 55.Kc5 Qa5+ 56.Kc4 Qa6+
57.Kc5 Qa7+ 58.Kc4 Qa2+ 59.Kc5 Qa3+ 60.Kd5 Qa5+ 61.Kc4 Rxh2 62.Bc6 Qa2+ 63.Kc5 Qa3+
64.Kd5 Kh6 65.g4 Rd2 66.Ke5 Qe7+ 67.Ne6 Qd6+ 68.Kf6 Rf2+ 69.Bf3 g5 70.c4 Qb6
71.Rd3 Qb2+ 72.Nd4 Rxf3+ 73.Rxf3 Qxd4+ 74.Kf5 Qc5+  0-1

[Event "44th National A ch-IND"]
[Site "Atul IND"]
[Date "2006.12.20"]
[Round "3"]
[White "Konguvel,P"]
[Black "Venkatesh,M"]
[Result "1/2-1/2"]
[WhiteElo "2407"]
[BlackElo "2466"]

1.e4 c5 2.Nf3 Nc6 3.d4 cxd4 4.Nxd4 Nf6 5.Nc3 d6 6.Bg5 Qb6 7.Be3 Ng4 8.Nd5 Nxe3
9.Nxb6 Nxd1 10.Nxa8 Nxb2 11.Nc7+ Kd8 12.Ncb5 Nxd4 13.Nxd4 g6 14.a4 Bg7 15.c3 Bd7
16.Bb5 Kc7 17.Ke2 Bxb5+ 18.axb5 Kb6 19.Ra2 Nc4 20.Rha1 Ra8 21.Ra4 Rc8 22.Rxa7 Nb2
23.R7a3 Bxd4 24.cxd4 Rc2+ 25.Kf3 Kxb5 26.Rb3+ Kc4 27.Rxb7 Kxd4 28.Rxe7 Rc3+
29.Kg4 f6 30.Re6 Nd3 31.Rxd6+ Ke5 32.Rd5+ Kxe4 33.Rda5 Nxf2+ 34.Kh4 Nd3 35.R1a4+ Ke3
36.Ra7 Rc2 37.Rg4 g5+ 38.Kg3 h5 39.Re7+ Kd2 40.Rd4 f5 41.h3 f4+ 42.Kf3 Kc3
43.Rxd3+ Kxd3 44.Rd7+ Kc3 45.Rc7+ Kd2 46.Rxc2+ Kxc2 47.Ke4 Kd2 48.Kf5 Ke3
49.Kxg5 f3 50.gxf3 Kxf3 51.Kxh5 Kf4 52.h4 Kf5  1/2-1/2

[Event "IM Multicoms"]
[Site "Paris FRA"]
[Date "2006.12.21"]
[Round "9"]
[White "Parmentier,X"]
[Black "Inkiov,V"]
[Result "1/2-1/2"]
[WhiteElo "2284"]
[BlackElo "2523"]

1.e4 c5 2.Nf3 d6 3.d4 cxd4 4.Nxd4 Nf6 5.Nc3 Nc6 6.Bg5 e6 7.Qd2 Be7 8.O-O-O O-O
9.f4 Nxd4 10.Qxd4 Qa5 11.Kb1 h6  1/2-1/2

[Event "Harmonie"]
[Site "Groningen NED"]
[Date "2006.12.23"]
[Round "1"]
[White "Pruijssers,R"]
[Black "Degtiarev,E"]
[Result "1/2-1/2"]
[WhiteElo "2339"]
[BlackElo "2393"]

1.e4 c5 2.Nf3 d6 3.d4 cxd4 4.Nxd4 Nf6 5.Nc3 Nc6 6.Bg5 e6 7.Qd2 a6 8.O-O-O Bd7
9.f4 h6 10.Bh4 g5 11.fxg5 Ng4 12.Be2 Nge5 13.Nf3 Be7 14.Rhg1 b5 15.Rdf1 b4
16.Nd1 hxg5 17.Bxg5 Bxg5 18.Nxg5 Qa5 19.Kb1 b3 20.Qxa5 bxc2+ 21.Kxc2 Nxa5
22.Rh1 Bb5 23.Bxb5+ axb5 24.b3 Nac6 25.Kb1 Rg8 26.h4 Ke7 27.Ne3 Nb4 28.Rf2 f6
29.Nf3 Ng4 30.Nxg4 Rxg4 31.Re2 Nd3 32.h5 Rh8 33.Rc2 e5 34.h6 Ke6 35.Rc7 Rxg2
36.h7 d5 37.exd5+ Kd6 38.Rf7 Rb2+ 39.Ka1 Ra8 40.a4 Rxb3 41.Rh2 Nc1 42.Rxf6+ Kxd5
43.Rb2 bxa4 44.Ra6 Rab8 45.Ra5+ Ke6 46.Rxe5+ Kf6 47.Rxb3 axb3 48.Rb5 Rh8  1/2-1/2

[Event "27th Open A"]
[Site "Bethune FRA"]
[Date "2006.12.28"]
[Round "6"]
[White "Bolzoni,V"]
[Black "Abergel,T"]
[Result "0-1"]
[WhiteElo "2203"]
[BlackElo "2474"]

1.e4 c5 2.Nf3 Nc6 3.d4 cxd4 4.Nxd4 Nf6 5.Nc3 d6 6.Bg5 Bd7 7.Qd2 Rc8 8.O-O-O Nxd4
9.Qxd4 Qa5 10.Bd2 e5 11.Qd3 Rxc3 12.Bxc3 Qxa2 13.Qc4 Qxc4 14.Bxc4 Nxe4 15.Be1 Bc6
16.f3 Nf6 17.Bb4 d5 18.Bxf8 Kxf8 19.Be2 Ke7 20.Rhe1 Nd7 21.Bd3 f6 22.b4 b5
23.Kd2 a6 24.Ra1 Bb7 25.Ra3 Nb6 26.Rc3 Kd6 27.Ra1 g6 28.Ra5 d4 29.Rb3 f5
30.Ra1 e4 31.Be2 Nd5 32.fxe4 fxe4 33.Rf1 e3+ 34.Ke1 Nc3 35.Bf3 Bc8 36.Be2 Bf5
37.Bd3 Ke5 38.Rf3 Rc8 39.Bxf5 gxf5 40.Rh3 f4 41.Rxh7 Nd5 42.Rb2 Rc4 43.h4 Nxb4
44.Kd1 Nd5 45.h5 Nc3+ 46.Kc1 Ra4 47.Rb1 Nxb1 48.Kxb1 Kf6 49.Rh6+ Kg5 50.Rh8 d3
51.cxd3 Re4 52.Rg8+ Kh6 53.Rg6+ Kxh5 54.Rg8 e2  0-1

[Event "Harmonie"]
[Site "Groningen NED"]
[Date "2006.12.28"]
[Round "6"]
[White "Burg,T"]
[Black "Bitalzadeh,A"]
[Result "1/2-1/2"]
[WhiteElo "2304"]
[BlackElo "2345"]

1.e4 c5 2.Nf3 d6 3.d4 cxd4 4.Nxd4 Nf6 5.Nc3 Nc6 6.Bg5 Bd7 7.Qd2 Rc8 8.f4 h6
9.Bxf6 gxf6 10.O-O-O Nxd4 11.Qxd4 Qa5 12.Kb1 h5 13.Be2 Qc5 14.Qd3 h4 15.g4 hxg3
16.hxg3  1/2-1/2

[Event "XVII Cracovia A"]
[Site "Krakow POL"]
[Date "2006.12.30"]
[Round "5"]
[White "Jakubiec,A"]
[Black "Shishkin,Va UKR"]
[Result "1/2-1/2"]
[WhiteElo "2488"]
[BlackElo "2484"]

1.e4 c5 2.Nf3 Nc6 3.d4 cxd4 4.Nxd4 Nf6 5.Nc3 d6 6.Bg5 Qb6 7.Nb3 e6 8.g3 Be7
9.Bg2 O-O 10.O-O a6 11.Qe2 Bd7 12.Rad1 Qc7 13.f4 Rfd8 14.a4 Ne8 15.Nd5 exd5
16.exd5 Bxg5 17.dxc6 Bf6 18.cxd7 Rxd7 19.Rfe1 g6 20.c3 Qb6+ 21.Nd4 Nc7 22.Qf2 Re8
23.Rxe8+ Nxe8 24.Re1 Nc7 25.f5 g5 26.Nf3 Qxf2+ 27.Kxf2 d5 28.Rd1 Kf8 29.Ne1 Ke7
30.Nd3 a5 31.Kf3 b6 32.Nf2 h5 33.g4 h4 34.Bf1 Be5 35.h3 Bg3 36.Nd3 d4 37.Rc1 dxc3
38.Rxc3 Rd4 39.b3 Nd5 40.Rc8 Kd7 41.Rf8 f6 42.Rf7+ Ke8 43.Rh7 Bd6 44.Rg7 Be7
45.Rh7 Kd8 46.Rg7 Ke8 47.Rh7 Kd8 48.Rg7 Ke8  1/2-1/2

[Event "1st Open"]
[Site "Illes Medes ESP"]
[Date "2007.01.04"]
[Round "9"]
[White "Edouard,R"]
[Black "Jankovic,A"]
[Result "1-0"]
[WhiteElo "2431"]
[BlackElo "2533"]

1.e4 c5 2.Nf3 Nc6 3.d4 cxd4 4.Nxd4 Nf6 5.Nc3 d6 6.Bg5 e6 7.Qd2 a6 8.O-O-O Bd7
9.f4 b5 10.Bxf6 gxf6 11.Kb1 Qb6 12.Nxc6 Bxc6 13.Qe1 Ra7 14.f5 Qc5 15.Qh4 Be7
16.Bd3 Rc7 17.Qg4 e5 18.Qg7 Rf8 19.Qxh7 b4 20.Nd5 Bxd5 21.exd5 Qxd5 22.Qh4 Qc5
23.Be4 Kd7 24.Qh5 a5 25.Rd5 Qb6 26.Qe2 Rh8 27.h4 Bf8 28.h5 Rc5 29.Rhd1 Rxd5
30.Bxd5 Ke7 31.Qc4 Qc5 32.Qb3 a4 33.Qxa4 Rxh5 34.Qb3 Rxf5 35.Bxf7 Rf2 36.Qe6+ Kd8
37.Bg6 Rxg2 38.Qe8+ Kc7 39.Qxf8 Rg1 40.Qe7+ Kb6 41.Qd8+ Ka7 42.Bh5 Qd4 43.Qa5+ Kb8
44.Qb5+ Kc7 45.Qd3 Qc5 46.Rxg1 Qxg1+ 47.Qd1 Qf2 48.a3 bxa3 49.bxa3 Qc5 50.Bf7 Qxa3
51.Qf1 Qe3 52.Qxf6 Qg1+ 53.Ka2 Qa7+ 54.Kb1 Qg1+ 55.Kb2 Qd4+ 56.c3 Qd2+ 57.Kb3 Qd1+
58.Kb4 Qb1+ 59.Bb3 Qb2 60.Qf7+ Kc6 61.Qf3+ Kb6 62.Qd3 Kc7 63.Qh7+ Kc6 64.Qc2 Qa1
65.Qa2 Qg1 66.Qa6+ Kc7 67.Qa5+ Kd7 68.Qb5+ Kc7 69.Qc4+ Kb6 70.Qd5 Kc7 71.Qa5+ Kd7
72.Ba4+ Ke6 73.Qc7 e4 74.Bb3+ Ke5 75.Qe7+ Kf4 76.Qf6+ Kg3 77.Qg5+ Kf2 78.Qf4+  1-0

[Event "Hilton Open"]
[Site "Basel SUI"]
[Date "2007.01.05"]
[Round "5"]
[White "Hoffmann,Mi1"]
[Black "Kelecevic,N"]
[Result "1-0"]
[WhiteElo "2478"]
[BlackElo "2363"]

1.e4 c5 2.Nf3 Nc6 3.d4 cxd4 4.Nxd4 Nf6 5.Nc3 d6 6.Bg5 e6 7.Qd2 a6 8.O-O-O Bd7
9.f4 b5 10.Bxf6 gxf6 11.Kb1 Qb6 12.Nxc6 Bxc6 13.f5 b4 14.Ne2 e5 15.Ng3 h5
16.h4 Rd8 17.Bc4 a5 18.Qe2 Qc5 19.b3 a4 20.Nxh5 Ke7 21.g4 Rxh5 22.gxh5 Bh6
23.bxa4 Rg8 24.Bb3 Be3 25.Rh3 Bh6 26.Rhd3 Rd8 27.Qg2 Be8 28.Qg8 Qf2 29.a5 Qxh4
30.a6 Qxh5 31.a7 Be3 32.Bxf7 Qxf7 33.Qxf7+ Bxf7 34.Rxe3 Ra8 35.Red3 Rxa7
36.Rxd6 Bxa2+ 37.Kb2 Bf7 38.Rb6  1-0

[Event "ch-CUB Open"]
[Site "Santa Clara CUB"]
[Date "2007.01.10"]
[Round "1"]
[White "Abreu,A"]
[Black "Ruiz,O"]
[Result "1/2-1/2"]
[WhiteElo "2473"]
[BlackElo "2273"]

1.e4 c5 2.Nf3 d6 3.d4 cxd4 4.Nxd4 Nf6 5.Nc3 Nc6 6.Bg5 e6 7.Qd2 a6 8.O-O-O Be7
9.f3 Nxd4 10.Qxd4 b5 11.h4 Bb7 12.Kb1 Qc7 13.Qd2 Rc8 14.Bd3 h6 15.Be3 b4
16.Ne2 d5 17.e5 Ne4 18.Qc1 Nc5 19.f4 Nxd3 20.cxd3 Qxc1+ 21.Rxc1 Kd7 22.Nd4 a5
23.Nb3 Ba6 24.d4 Bd3+ 25.Ka1 a4 26.Nc5+ Bxc5 27.dxc5 Kc6 28.Rhd1 Bc4 29.Rd2 b3
30.a3 h5 31.Re1 g6 32.Kb1 Rhd8 33.Bd4 Kb5 34.Kc1 Rg8 35.Rdd1 Rgd8 36.Kd2 Rh8
37.Re3 Rcd8 38.Rg3 Rh7 39.Rg5 Rdh8 40.Rg3 Re8 41.Rg5 Reh8 42.Rg3 Re8  1/2-1/2

[Event "Keres Mem A"]
[Site "Tallinn EST"]
[Date "2007.01.11"]
[Round "8"]
[White "Sulskis,S"]
[Black "Ivanov,Sergey1"]
[Result "1/2-1/2"]
[WhiteElo "2525"]
[BlackElo "2534"]

1.e4 c5 2.Nf3 d6 3.d4 cxd4 4.Nxd4 Nf6 5.Nc3 Nc6 6.Bg5 e6 7.Qd2 a6 8.O-O-O Nxd4
9.Qxd4 Be7 10.f4 O-O 11.Bc4 b5 12.Bb3 Rb8 13.Rhe1 Qb6 14.Qxb6 Rxb6 15.Bh4 Rb8
16.f5 b4 17.Ne2 e5 18.g4 Rd8 19.Ng3 h6 20.g5 hxg5 21.Bxg5 Kf8 22.h4 Bd7 23.Bxf6 Bxf6
24.Nh5 Ke7 25.Nxf6 gxf6 26.Bd5 Rh8 27.Rh1 Rbg8 28.Rd3 Bb5 29.Rdh3 Be2 30.a3 a5
31.axb4 axb4 32.Rb3 Rb8 33.Kd2 Bh5 34.Rg1 Rhc8 35.Rg7 Rh8 36.Kc1 Kf8 37.Rg2 Ke7
38.c3 Bf3 39.Rg7 Rxh4 40.Rxf7+ Ke8 41.Rg7 Rh1+ 42.Kd2 bxc3+ 43.Rxc3 Rxb2+
44.Ke3 Re1+ 45.Kxf3 Rf1+ 46.Ke3 Re1+ 47.Kf3 Rf1+ 48.Kg4 Rg2+ 49.Kh3 Rxg7
50.Rc8+ Kd7 51.Be6+ Ke7 52.Rc7+ Kf8  1/2-1/2

[Event "zt 3.3"]
[Site "Phu Quoc VIE"]
[Date "2007.01.12"]
[Round "2"]
[White "So,W"]
[Black "Paragua,M"]
[Result "1-0"]
[WhiteElo "2451"]
[BlackElo "2573"]

1.e4 c5 2.Nf3 d6 3.d4 cxd4 4.Nxd4 Nf6 5.Nc3 Nc6 6.Bg5 e6 7.Qd2 a6 8.O-O-O h6
9.Be3 Be7 10.f4 Nxd4 11.Bxd4 b5 12.Qe3 Qc7 13.e5 dxe5 14.fxe5 Nd7 15.Ne4 Bb7
16.Nd6+ Qxd6 17.exd6 Bg5 18.Qxg5 hxg5 19.Bxg7 Rh4 20.Bd4 f6 21.Bf2 Rh6 22.h4 Kf7
23.Rh3 gxh4 24.g3 e5 25.gxh4 Rc8 26.a4 b4 27.b3 f5 28.Bc4+ Rxc4 29.bxc4 f4
30.c5 Bc6 31.a5 Ke6 32.h5 Kf5 33.Rg1 e4 34.Rf1 Bb5 35.c6 Ne5 36.c7 Rh8 37.Bd4 f3
38.Rg1  1-0

[Event "ch-CUB Open"]
[Site "Santa Clara CUB"]
[Date "2007.01.12"]
[Round "3"]
[White "Gonzalez,Yu"]
[Black "Ruiz,O"]
[Result "1-0"]
[WhiteElo "2494"]
[BlackElo "2273"]

1.e4 c5 2.Nf3 d6 3.d4 cxd4 4.Nxd4 Nf6 5.Nc3 Nc6 6.Bg5 e6 7.Qd2 Qb6 8.Nb3 a6
9.Bxf6 gxf6 10.O-O-O Bd7 11.Kb1 O-O-O 12.f4 h5 13.Be2 Kb8 14.Rhf1 Na5 15.Rf3 Nxb3
16.axb3 Qa5 17.Qd4 Be7 18.b4 Qc7 19.Nd5 exd5 20.Rc3 dxe4 21.Rxc7 Kxc7 22.Qxe4 Rde8
23.Bf3  1-0

[Event "zt 3.3"]
[Site "Phu Quoc VIE"]
[Date "2007.01.15"]
[Round "6"]
[White "So,W"]
[Black "Bui Vinh"]
[Result "1/2-1/2"]
[WhiteElo "2451"]
[BlackElo "2485"]

1.e4 c5 2.Nf3 Nc6 3.d4 cxd4 4.Nxd4 Nf6 5.Nc3 d6 6.Bg5 Bd7 7.Be2 h6 8.Bxf6 gxf6
9.O-O e6 10.Ndb5 Qb8 11.a4 a6 12.Na3 Qc7 13.Nc4 Ne5 14.Qd4 Nxc4 15.Bxc4 Be7
16.Kh1 Rc8 17.Bb3 h5 18.f4 Qc5 19.Qd3 h4 20.Qh3 Bc6 21.f5 e5 22.Rfd1 Bd8
23.Rd3 b5 24.axb5 axb5 25.Nd5 b4 26.Rad1 Bb5 27.Re3 Ra8 28.Qg4 Kf8 29.c3 bxc3
30.Rxc3 Qf2 31.Rc2 Qa7 32.h3 Rb8 33.Nc3 Be8 34.Bc4 Qe3 35.Rxd6 Qc5 36.Rxd8 Rxd8
37.Nd5 Qd6 38.b4 Ra8 39.Qf3 Bc6 40.Kh2 Rb8 41.b5 Bxd5 42.Bxd5 Qb4 43.Rc7 Rh7
44.Qe3 Qxb5 45.Qa7 Qe8 46.Bxf7 Qb5 47.Bd5 Rxc7 48.Qxc7 Qe8 49.Qh7 Rb6 50.Be6 Rxe6
51.fxe6 Qxe6 52.Qxh4 Qc6 53.Qh8+ Kf7 54.Qh7+ Ke6 55.h4 Qc1 56.Qg8+ Ke7 57.Qg7+ Ke6
58.Qg4+ Ke7 59.h5 Qh6 60.Qf5 Kf7 61.Kh3 Qe3+ 62.g3 Qh6 63.Kg4 Qg7+ 64.Kh4 Qh6
65.Qg4 Qe3 66.Qg6+ Ke7 67.Kh3 Qc1 68.Qh7+ Ke6  1/2-1/2

[Event "Stone Flower A"]
[Site "Nizhnij Tagil RUS"]
[Date "2007.01.16"]
[Round "2"]
[White "Andreev,Ed UKR"]
[Black "Zhumabayev,R"]
[Result "1/2-1/2"]
[WhiteElo "2442"]
[BlackElo "2421"]

1.e4 c5 2.Nf3 d6 3.d4 cxd4 4.Nxd4 Nf6 5.Nc3 Nc6 6.Bg5 e6 7.Qd2 a6 8.O-O-O Qb6
9.Bxf6 gxf6 10.Nb3 Qc7 11.Be2 h5 12.f4 b5 13.Bf3 b4 14.Ne2 Rb8 15.Kb1 a5
16.Nbd4 Nxd4 17.Nxd4 Bd7 18.Rhe1 a4 19.Rc1 Bg7 20.Red1 Qb6 21.Ne2 Ke7 22.Ng3 a3
23.b3 Rhc8 24.Nxh5 Bh8 25.c4 bxc3 26.Rxc3 Rxc3 27.Qxc3 f5 28.e5 dxe5 29.fxe5 Rc8
30.Qd2 Qc7 31.g4 Bxe5 32.gxf5 f6 33.Rg1 Rf8 34.Qb4+ Qd6 35.Rg7+ Rf7 36.Qxd6+ Bxd6
37.fxe6 Bxe6 38.Rxf7+ Bxf7 39.Ng3 Bg6+ 40.Be4 Bxg3 41.Bxg6 Bxh2 42.b4 Bd6
43.b5 Bc5 44.Kc2  1/2-1/2

[Event "5th Parsvnath Open"]
[Site "New Delhi IND"]
[Date "2007.01.17"]
[Round "5"]
[White "Sangma,R"]
[Black "Poobesh Anand,S"]
[Result "0-1"]
[WhiteElo "2320"]
[BlackElo "2418"]

1.e4 c5 2.Nf3 Nc6 3.d4 cxd4 4.Nxd4 Nf6 5.Nc3 d6 6.Bg5 Bd7 7.Qd2 Nxd4 8.Qxd4 Qa5
9.Bd2 Rc8 10.Nd5 Qc5 11.Nxf6+ gxf6 12.Qxc5 Rxc5 13.c4 a6 14.Be3 Rc7 15.Rc1 Rg8
16.Rg1 f5 17.Bd3 fxe4 18.Bxe4 f5 19.Bf3 Bc6 20.Ke2 Bxf3+ 21.Kxf3 Bg7 22.b3 Kf7
23.Rgd1 Bb2 24.Rc2 Be5 25.Re2 b5 26.cxb5 axb5 27.Rd5 Rb8 28.Bf4 Rc3+ 29.Re3 Rxe3+
30.fxe3 Ke6 31.Rd3 Ra8 32.Bxe5 Kxe5 33.Rd2 e6 34.Rc2 h5 35.g3 Ra5 36.Re2 d5
37.Rd2 Ra6 38.Rc2 Ra7 39.h3 Kd6 40.Kf4 e5+ 41.Kxf5 Rf7+ 42.Kg6 Rf3 43.e4 Rxg3+
44.Kxh5 dxe4 45.a4 b4 46.h4 Kd5 47.Rb2 e3 48.a5 Rg8 49.a6 Ke4 50.Kh6 Ra8
51.Ra2 Kf3 52.Kg5 e2 53.Ra1 Kf2  0-1

[Event "5th Parsvnath Open"]
[Site "New Delhi IND"]
[Date "2007.01.17"]
[Round "5"]
[White "Gopal,G"]
[Black "Shashikant,K"]
[Result "1/2-1/2"]
[WhiteElo "2423"]
[BlackElo "2276"]

1.e4 c5 2.Nf3 d6 3.d4 cxd4 4.Nxd4 Nf6 5.Nc3 Nc6 6.Bg5 e6 7.Qd2 a6 8.O-O-O Nxd4
9.Qxd4 Be7 10.f3 b5 11.h4 Qc7 12.Qd2 O-O 13.Kb1 Rd8 14.Bd3 Bb7 15.Ne2 e5
16.Bxf6 Bxf6 17.Nc3 b4 18.Nd5 Bxd5 19.exd5 e4 20.Bxe4 a5 21.g4 g6 22.g5 Bg7
23.h5 a4 24.hxg6 hxg6 25.f4 a3 26.b3 Re8 27.f5 gxf5  1/2-1/2

[Event "5th Parsvnath Open"]
[Site "New Delhi IND"]
[Date "2007.01.18"]
[Round "6"]
[White "Singh,G"]
[Black "Das,Ar"]
[Result "0-1"]
[WhiteElo "2264"]
[BlackElo "2379"]

1.e4 c5 2.Nf3 d6 3.d4 cxd4 4.Nxd4 Nf6 5.Nc3 Nc6 6.Bg5 Bd7 7.Be2 e6 8.Bxf6 gxf6
9.O-O a6 10.Kh1 b5 11.Bh5 b4 12.Nce2 Qa5 13.Ng3 Qb6 14.Nde2 Ne5 15.b3 Rg8
16.c3 a5 17.Rc1 Bh6 18.f4 Ng4 19.Qd4 Qxd4 20.cxd4 Bf8 21.Rc7 Nh6 22.f5 Kd8
23.Rc2 Be7 24.Nf4 Rc8 25.Rxc8+ Bxc8 26.fxe6 fxe6 27.d5 e5 28.Ne6+ Bxe6 29.dxe6 Bf8
30.Rxf6 Ke7 31.Rxh6 Bxh6 32.Nf5+ Kxe6 33.Bf7+ Kxf7 34.Nxh6+ Kg7 35.Nxg8 Kxg8
36.g4 Kf7 37.Kg2 Ke6 38.h4 d5 39.exd5+ Kxd5 40.Kg3 Ke4 41.h5 Kd3 42.g5 e4
43.g6 hxg6 44.hxg6 e3 45.g7 e2 46.Kf2 Kd2 47.g8=Q e1=Q+ 48.Kg2 Qe4+ 49.Kf2 Kc3
50.Qg3+ Kb2 51.Qg5 Qc2+ 52.Kf3 Qc6+ 53.Ke2 Kxa2 54.Qxa5+ Kb2 55.Qa8 Kc2 56.Qh8  0-1